| 000 | 03035nab a2200325 i 4500 | ||
|---|---|---|---|
| 003 | BR-BrBNA | ||
| 005 | 20250131100433.0 | ||
| 008 | 250131b2016 bl.|r|pooa||| 00| 0 eng | | ||
| 040 |
_aBR-BrBNA _beng |
||
| 072 |
_aL73 _b5500 |
||
| 072 | _aL70 | ||
| 100 | _aCampos, C.B. | ||
| 100 | _aGamba, C.O. | ||
| 100 | _aDamasceno, K.A. | ||
| 100 | _aLavalle, E. | ||
| 100 | _aCassali, G.D. | ||
| 245 | _aGlycogen-rich clear cell carcinoma of the feline mammary gland: case report | ||
| 500 | _a Publicação online; 11 ref.; 2 tables; Summaries (En, Pt) | ||
| 520 | _a ABSTRACT - The aim of this report is to describe the first histopathological, immunohistochemical, and clinical characteristics of a feline glycogen-rich clear cell carcinoma (GRCCC). A Persian queen was admitted with mammary gland tumors and underwent radical unilateral mastectomy. Overall survival was considered 33 days and death was due to clinical evolution of the disease. Microscopic evaluation demonstrated epithelial cells arranged in a predominantly solid pattern, tumor cells presented an ample, granular, and foamy clear cytoplasm, and moderate cellular pleomorfism. The presence of cytoplasmatic glycogen was confirmed through diastase digestion followed by PAS staining. Histopathological and histochemical findings lead to the diagnosis of GRCCC with regional metastases. Keywords: feline, mammary gland, neoplasm, glycogen-rich clear cell carcinoma | ||
| 520 | _a RESUMO - O objetivo deste relato de caso é descrever as características clínicas, histopatológicas e imunohistoquímicas do primeiro carcinoma mamário de células claras rico em glicogênio em felino. Uma gata persa foi atendida com tumores na glândula mamária e foi submetida à mastectomia radical unilateral. A sobrevida livre de doença foi considerada 33 dias, e o óbito foi devido à evolução da doença. A avaliação microscópica demonstrou células epiteliais arranjadas em um padrão predominantemente sólido, as células tumorais apresentaram um citoplasma claro, amplo, granular e espumoso e pleomorfismo celular moderado. A presença do glicogênio citoplasmático foi confirmada pela digestão pela diástase, seguida da coloração de PAS. Achados histopatológicos e histoquímicos levaram ao diagnóstico de carcinoma de células claras rico em glicogênio felino com metástase regional. Palavras-chave: glândula mamária, neoplasia, carcinoma de células claras rico em glicogênio felino | ||
| 650 | _aGATO | ||
| 650 | _aGLÂNDULA MAMÁRIA | ||
| 650 | _aNEOPLASIA | ||
| 650 | _aCARCINOMA | ||
| 650 | _aVETERINÁRIA | ||
| 773 | 0 |
_01643 _9348181 _dBelo Horizonte-MG Universidade Federal de Minas Gerais - Escola de Veterinaria 1983 _o2025-0670 _tArquivo Brasileiro de Medicina Veterinária e Zootecnia (Brazil) _x0102-0935 _gv. 68(5) p. 1117-1120; (2016) _wBR2024004627 |
|
| 856 | _uhttps://www.scielo.br/j/abmvz/a/wcBRSs4BMgbtvDpgpKW4jMw/?format=pdf&lang=en | ||
| 942 | _cANA | ||
| 999 |
_c329766 _d329766 |
||